Applied ethics in management: (Record no. 23091)
[ view plain ]
| 000 -LEADER | |
|---|---|
| fixed length control field | 01271nam a2200385 a 4500 |
| 001 - CONTROL NUMBER | |
| control field | vtls000019361 |
| 003 - CONTROL NUMBER IDENTIFIER | |
| control field | NLI |
| 005 - DATE AND TIME OF LATEST TRANSACTION | |
| control field | 20210601182028.0 |
| 008 - FIXED-LENGTH DATA ELEMENTS--GENERAL INFORMATION | |
| fixed length control field | 101125s1999 gw a 000 0 eng |
| 020 ## - INTERNATIONAL STANDARD BOOK NUMBER | |
| International Standard Book Number | 354065724X |
| Terms of availability | DM 149.00 |
| 039 #9 - LEVEL OF BIBLIOGRAPHIC CONTROL AND CODING DETAIL [OBSOLETE] | |
| -- | 201011250140 |
| -- | VLOAD |
| 040 0# - CATALOGING SOURCE | |
| Original cataloging agency | NLI |
| Language of cataloging | eng |
| Transcribing agency | VERGIS-2003 |
| 041 0# - LANGUAGE CODE | |
| Language code of text/sound track or separate title | eng |
| 044 ## - COUNTRY OF PUBLISHING/PRODUCING ENTITY CODE | |
| MARC country code | gw |
| 082 04 - DEWEY DECIMAL CLASSIFICATION NUMBER | |
| Classification number | 658 |
| 245 00 - TITLE STATEMENT | |
| Title | Applied ethics in management: |
| Remainder of title | towards new perspectives/ |
| Statement of responsibility, etc. | edited by S.K. Chakraborty, S.R. Chatterjee |
| 260 ## - PUBLICATION, DISTRIBUTION, ETC. | |
| Place of publication, distribution, etc. | Berlin: |
| Name of publisher, distributor, etc. | Springer, |
| Date of publication, distribution, etc. | 1999 |
| 300 ## - PHYSICAL DESCRIPTION | |
| Extent | ix, 296 p.: |
| Other physical details | ill.; |
| Dimensions | 25 cm. |
| 440 #0 - SERIES STATEMENT/ADDED ENTRY--TITLE | |
| Title | Studies in economic ethics and philosopghy |
| 9 (RLIN) | 64293 |
| 650 #0 - SUBJECT ADDED ENTRY--TOPICAL TERM | |
| Topical term or geographic name entry element | Applied ethics |
| 9 (RLIN) | 4853 |
| 650 #0 - SUBJECT ADDED ENTRY--TOPICAL TERM | |
| Topical term or geographic name entry element | Management |
| 9 (RLIN) | 1183 |
| 650 #0 - SUBJECT ADDED ENTRY--TOPICAL TERM | |
| Topical term or geographic name entry element | Management |
| General subdivision | Professional ethics |
| 9 (RLIN) | 64294 |
| 700 1# - ADDED ENTRY--PERSONAL NAME | |
| Personal name | Chakraborty, S.K., |
| Relationship | edt |
| 9 (RLIN) | 63564 |
| 700 1# - ADDED ENTRY--PERSONAL NAME | |
| Personal name | Chatterjee, S.R., |
| Relationship | edt |
| 9 (RLIN) | 64295 |
| 887 ## - NON-MARC INFORMATION FIELD | |
| Content of non-MARC field | P. Rajendran |
| 901 ## - LOCAL DATA ELEMENT A, LDA (RLIN) | |
| a | 534126 |
| b | 15/11/1999 |
| 902 ## - LOCAL DATA ELEMENT B, LDB (RLIN) | |
| a | E 658 Ap 58 |
| 903 ## - LOCAL DATA ELEMENT C, LDC (RLIN) | |
| a | 09/03/2004 |
| 904 ## - LOCAL DATA ELEMENT D, LDD (RLIN) | |
| a | P. Rajendran |
| 906 ## - LOCAL DATA ELEMENT F, LDF (RLIN) | |
| a | 018851 |
| 949 ## - LOCAL PROCESSING INFORMATION (OCLC) | |
| -- | VIRTUAITEM |
| -- | 10000 |
| -- | 1 |
| -- | 100 |
| 6 | PUR000534126ENG |
| a | E 658 Ap58 |
| 942 ## - ADDED ENTRY ELEMENTS (KOHA) | |
| Source of classification or shelving scheme | Dewey Decimal Classification |
| Koha item type | Books |
| Withdrawn status | Lost status | Damaged status | Not for loan | Collection code | Home library | Current library | Shelving location | Date acquired | Total Checkouts | Full call number | Barcode | Date last seen | Price effective from | Koha item type |
|---|---|---|---|---|---|---|---|---|---|---|---|---|---|---|
| New English | National Library of India | National Library of India | New English - Main Stack Division | E 658 Ap 58 | PUR000534126ENG | 01/06/2021 | 01/06/2021 | Books |
